Asian development : Problems and prognosis
Gardado en:
| Autor Principal: | |
|---|---|
| Formato: | Libro |
| Idioma: | Undetermined |
| Publicado: |
New York
Free Press
1971
|
| Những chủ đề: | |
| Các nhãn: |
Engadir etiqueta
Sen Etiquetas, Sexa o primeiro en etiquetar este rexistro!
|
| Thư viện lưu trữ: | Trung tâm Học liệu Trường Đại học Cần Thơ |
|---|
| LEADER | 00534nam a2200205Ia 4500 | ||
|---|---|---|---|
| 001 | CTU_90245 | ||
| 008 | 210402s9999 xx 000 0 und d | ||
| 082 | |a 330.95042 | ||
| 082 | |b B135 | ||
| 100 | |a Badgley, John H. | ||
| 245 | 0 | |a Asian development : | |
| 245 | 0 | |b Problems and prognosis | |
| 245 | 0 | |c John Badgley | |
| 260 | |a New York | ||
| 260 | |b Free Press | ||
| 260 | |c 1971 | ||
| 650 | |a Economic conditions | ||
| 650 | |x East asia | ||
| 904 | |i Bằng,Hải | ||
| 980 | |a Trung tâm Học liệu Trường Đại học Cần Thơ | ||